[Event "SRB Central-ch op-B 9th"]
[Site "Paracin"]
[Date "2016.07.08"]
[Round "2"]
[White "Olcum, Ahmet"]
[Black "Ivkovic, Aleksandra"]
[Result "1-0"]
[WhiteElo "2083"]
[BlackElo "1860"]
[PlyCount "71"]
[EventDate "2016.07.07"]
[EventType "swiss"]
[EventRounds "9"]
[EventCountry "SRB"]
[SourceTitle "CBM 173 Extra"]
[Source "ChessBase"]
[SourceDate "2016.08.29"]
[SourceVersion "1"]
[SourceVersionDate "2016.08.29"]
[SourceQuality "1"]

1. e4 e5 2. Nc3 Nf6 3. g3 d5 4. exd5 Nxd5 5. Bg2 Nxc3 6. bxc3 Nc6 7. Rb1 Bc5 8. d3 0-0 9. Ne2 Bb6 10. Ba3 Re8 11. 0-0 Bg4 12. h3 Bh5 13. g4 Bg6 14. Ng3 Qh4 15. c4 Nd8 16. c5 Ba5 17. Rb5 Bc3 18. Rb3 Ba5 19. Rb5 Bc3 20. Rb3 Ba5 21. Nf5 Bxf5 22. gxf5 c6 23. Qf3 f6 24. Qg3 Qd4 25. Be4 Rb8 26. Kh1 Kh8 27. Rg1 Rg8 28. Bb2 Qd7 29. d4 Nf7 30. dxe5 Nxe5 31. Qh4 Bc7 32. f4 Nc4 33. Bxf6 gxf6 34. Qxf6+ Rg7 35. Rbg3 Rbg8 36. Rxg7 1-0

[Event "Wch U16 Girls"]
[Site "Porto Carras"]
[Date "2015.10.28"]
[Round "4"]
[White "Ivkovic, Aleksandra"]
[Black "Narva, Mai"]
[Result "0-1"]
[WhiteElo "1939"]
[BlackElo "2203"]
[PlyCount "64"]
[EventDate "2015.10.25"]
[EventType "swiss"]
[EventRounds "11"]
[EventCountry "GRE"]
[SourceTitle "CBM 169 Extra"]
[Source "ChessBase"]
[SourceDate "2015.12.18"]
[SourceVersion "1"]
[SourceVersionDate "2015.12.18"]
[SourceQuality "1"]

1. e4 c5 2. Nf3 Nc6 3. Bb5 g6 4. Bxc6 bxc6 5. 0-0 Bg7 6. Re1 Nh6 7. c3 0-0 8. h3 d5 9. d3 d4 10. Bf4 f6 11. Qc1 dxc3 12. Nxc3 g5 13. Be3 Qxd3 14. Bxc5 Bxh3 15. Qe3 Qxe3 16. Rxe3 Bg4 17. Bxe7 Rfe8 18. Bc5 Rab8 19. b4 f5 20. Rae1 Rbd8 21. Na4 Bxf3 22. gxf3 g4 23. fxg4 Nxg4 24. Rg3 h5 25. f3 Rd3 26. Kg2 Rd2+ 27. Kf1 Nh2+ 28. Kg1 Kf7 29. Kh1 Rxa2 30. Reg1 Be5 31. f4 Ng4 32. fxe5 Rh2# 0-1

[Event "Wch U16 Girls"]
[Site "Porto Carras"]
[Date "2015.10.26"]
[Round "2"]
[White "Ivkovic, Aleksandra"]
[Black "Abdusattorova, Bakhora"]
[Result "1/2-1/2"]
[WhiteElo "1939"]
[BlackElo "2120"]
[PlyCount "65"]
[EventDate "2015.10.25"]
[EventType "swiss"]
[EventRounds "11"]
[EventCountry "GRE"]
[SourceTitle "CBM 169 Extra"]
[Source "ChessBase"]
[SourceDate "2015.12.18"]
[SourceVersion "1"]
[SourceVersionDate "2015.12.18"]
[SourceQuality "1"]

1. e4 e5 2. Nf3 Nc6 3. Bc4 Bc5 4. c3 Nf6 5. d3 a6 6. Nbd2 Ba7 7. 0-0 0-0 8. h3 d5 9. exd5 Nxd5 10. Ne4 Kh8 11. Re1 f6 12. a4 Be6 13. Nh4 Qd7 14. Bxd5 Qxd5 15. Be3 Bxe3 16. fxe3 Rad8 17. Nf2 f5 18. Nf3 Rf6 19. e4 Qc5 20. Kf1 h6 21. Qe2 Rdf8 22. Qe3 Qe7 23. d4 exd4 24. cxd4 fxe4 25. Qxe4 Qd7 26. Rad1 Bd5 27. Qg4 Qxg4 28. Nxg4 Bxf3 29. gxf3 Rxf3+ 30. Kg2 Rb3 31. Rd2 Rff3 32. Nf2 Na5 33. d5 1/2-1/2

[Event "EU-ch U16 Girls 25th"]
[Site "Porec"]
[Date "2015.09.30"]
[Round "9"]
[White "Afraoui, Anaelle"]
[Black "Ivkovic, Aleksandra"]
[Result "1-0"]
[WhiteElo "2014"]
[BlackElo "1893"]
[PlyCount "81"]
[EventDate "2015.09.21"]
[EventType "swiss"]
[EventRounds "9"]
[EventCountry "CRO"]
[SourceTitle "EXT 2016"]
[Source "ChessBase"]
[SourceDate "2015.10.08"]
[SourceVersion "1"]
[SourceVersionDate "2015.10.08"]
[SourceQuality "1"]

1. e4 e5 2. Nf3 Nc6 3. d4 exd4 4. Nxd4 Bc5 5. Nb3 Bb6 6. Qe2 Nge7 7. Nc3 0-0 8. Be3 d6 9. 0-0-0 f5 10. f4 Qe8 11. g3 fxe4 12. Bxb6 axb6 13. Qxe4 Bf5 14. Qc4+ Kh8 15. Kb1 Bg6 16. Bg2 Nf5 17. Nd5 Qb8 18. Rhe1 Bf7 19. Qc3 Bxd5 20. Bxd5 Nfe7 21. Be4 Qa7 22. a3 b5 23. Nd4 b4 24. Nxc6 Nxc6 25. Qe3 Qa4 26. Bxc6 bxc6 27. Rd4 c5 28. Re4 Rfb8 29. b3 Qc6 30. a4 h6 31. Re7 Rg8 32. Qe6 Rad8 33. Re4 Rdf8 34. Qd7 Qd5 35. Qxc7 Qd1+ 36. Kb2 Rc8 37. Qb6 d5 38. R4e6 Qh5 39. g4 Qxh2 40. g5 Qxf4 41. Rxh6+ 1-0

[Event "EU-ch U16 Girls 25th"]
[Site "Porec"]
[Date "2015.09.23"]
[Round "3"]
[White "Ivkovic, Aleksandra"]
[Black "Limanovska, Elizabete"]
[Result "1/2-1/2"]
[WhiteElo "1893"]
[BlackElo "1982"]
[PlyCount "90"]
[EventDate "2015.09.21"]
[EventType "swiss"]
[EventRounds "9"]
[EventCountry "CRO"]
[SourceTitle "EXT 2016"]
[Source "ChessBase"]
[SourceDate "2015.10.08"]
[SourceVersion "1"]
[SourceVersionDate "2015.10.08"]
[SourceQuality "1"]

1. e4 c5 2. Nc3 Nc6 3. g3 g6 4. Bg2 Bg7 5. f4 d6 6. d3 e6 7. Nf3 Nge7 8. 0-0 0-0 9. Be3 Nd4 10. Bf2 Nec6 11. Ne1 Rb8 12. Qd2 b6 13. Nd1 Ne7 14. c3 Ndc6 15. g4 d5 16. e5 Ba6 17. Bg3 b5 18. h4 b4 19. Kh2 bxc3 20. Nxc3 Qb6 21. Rb1 c4 22. Rh1 cxd3 23. Nxd3 Qd4 24. Rhd1 Rfc8 25. Bf2 Qxd3 26. Qxd3 Bxd3 27. Rxd3 Rb4 28. Kg3 Bh6 29. Ne2 Rc4 30. Rc3 Nb4 31. a3 Rxc3+ 32. bxc3 Nd3 33. Rb7 Nc6 34. Be3 Bf8 35. a4 Nc5 36. Bxc5 Bxc5 37. h5 Bb6 38. hxg6 hxg6 39. Kh4 Na5 40. Rd7 Kf8 41. f5 gxf5 42. gxf5 Nc4 43. fxe6 fxe6 44. Nf4 Nxe5 45. Nxe6+ Ke8 1/2-1/2

[Event "SRB-chT (Women)"]
[Site "Kragujevac"]
[Date "2015.08.25"]
[Round "6.5"]
[White "Miljkovic, Jovana"]
[Black "Ivkovic, Aleksandra"]
[Result "1/2-1/2"]
[WhiteElo "1867"]
[BlackElo "1893"]
[PlyCount "61"]
[EventDate "2015.08.20"]
[EventType "team-tourn"]
[EventRounds "11"]
[EventCountry "SRB"]
[SourceTitle "EXT 2016"]
[Source "ChessBase"]
[SourceDate "2015.10.08"]
[SourceVersion "1"]
[SourceVersionDate "2015.10.08"]
[SourceQuality "1"]
[WhiteTeam "Belgrade Radnicki (W)"]
[BlackTeam "Lestane (W)"]
[WhiteTeamCountry "SRB"]
[BlackTeamCountry "SRB"]

1. d4 Nf6 2. c4 e6 3. Nc3 Bb4 4. Qc2 Nc6 5. Nf3 d6 6. Bd2 0-0 7. a3 Bxc3 8. Bxc3 Qe7 9. e3 e5 10. dxe5 dxe5 11. Be2 Bg4 12. 0-0 Nd7 13. b4 Rfe8 14. Rfd1 h6 15. c5 Qe6 16. Bb2 e4 17. Nd4 Nxd4 18. Bxd4 Bxe2 19. Qxe2 Ne5 20. Bxe5 Qxe5 21. Rd4 b6 22. c6 a6 23. Rad1 Re6 24. Qc2 Qb5 25. Rxe4 Rxc6 26. Qb1 Qe2 27. Re1 Qd2 28. Rd1 Qe2 29. Re1 Qd2 30. Rd1 Qe2 31. Re1 1/2-1/2

[Event "EU-ch U14 Girls 23rd"]
[Site "Budva"]
[Date "2013.10.06"]
[Round "7"]
[White "Ivkovic, Aleksandra"]
[Black "Martynkova, Olena"]
[Result "0-1"]
[WhiteElo "1719"]
[BlackElo "1901"]
[PlyCount "86"]
[EventDate "2013.09.29"]
[EventType "swiss"]
[EventRounds "9"]
[EventCountry "MNE"]
[SourceTitle "EXT 2014"]
[Source "ChessBase"]
[SourceDate "2013.11.20"]
[SourceVersion "1"]
[SourceVersionDate "2013.11.20"]
[SourceQuality "1"]

1. e4 c5 2. Nc3 Nc6 3. g3 g6 4. Bg2 Bg7 5. d3 d6 6. Be3 Nf6 7. h3 0-0 8. Qd2 Rb8 9. Bh6 b5 10. Bxg7 Kxg7 11. f4 Nd7 12. Nf3 a5 13. 0-0 b4 14. Ne2 e5 15. c3 bxc3 16. bxc3 Ba6 17. f5 f6 18. h4 Qb6 19. Bh3 Qb2 20. fxg6 Qxd2 21. Nxd2 Nb6 22. Rf3 hxg6 23. Raf1 c4 24. Nc1 cxd3 25. Nxd3 Ne7 26. g4 d5 27. R1f2 Na4 28. Nc1 dxe4 29. Nxe4 Rb1 30. Rc2 Rd8 31. Kf2 Bb7 32. Re3 Bxe4 33. Rxe4 Nxc3 34. Re1 Rdb8 35. Bf1 R8b2 36. Rxb2 Rxb2+ 37. Re2 Rb1 38. Rc2 Ncd5 39. Bc4 Nf4 40. Ke3 a4 41. Bf1 f5 42. gxf5 gxf5 43. Kf2 Rxc1 0-1

[Event "EU-ch U14 Girls 23rd"]
[Site "Budva"]
[Date "2013.09.30"]
[Round "2"]
[White "Stanimirovic, Ivana"]
[Black "Ivkovic, Aleksandra"]
[Result "0-1"]
[WhiteElo "1586"]
[BlackElo "1719"]
[PlyCount "78"]
[EventDate "2013.09.29"]
[EventType "swiss"]
[EventRounds "9"]
[EventCountry "MNE"]
[SourceTitle "EXT 2014"]
[Source "ChessBase"]
[SourceDate "2013.11.20"]
[SourceVersion "1"]
[SourceVersionDate "2013.11.20"]
[SourceQuality "1"]

1. d4 Nf6 2. c4 e6 3. Nf3 Bb4+ 4. Nbd2 Nc6 5. a3 Bxd2+ 6. Bxd2 Ne4 7. e3 0-0 8. Bd3 Nxd2 9. Qxd2 d6 10. 0-0 e5 11. Qc2 f5 12. dxe5 dxe5 13. Rad1 Qe7 14. Be2 e4 15. Nd4 Ne5 16. c5 c6 17. Bc4+ Kh8 18. b4 Qg5 19. Rfe1 Nf3+ 20. Nxf3 exf3 21. Bf1 fxg2 22. Bxg2 Be6 23. f4 Qf6 24. Rd6 Qh4 25. Red1 Rae8 26. a4 Bc8 27. Qc3 Qe7 28. R1d3 a6 29. Qb3 h6 30. b5 axb5 31. axb5 cxb5 32. Qxb5 Kh7 33. Rb3 Rd8 34. Rdd3 Rf6 35. Rxd8 Qxd8 36. Rd3 Qe7 37. Qc4 Bd7 38. Bxb7 Rg6+ 39. Kf1 Qe8 0-1

[Event "SRB-ch U14 Girls"]
[Site "Vrnjacka Banja"]
[Date "2013.05.05"]
[Round "8"]
[White "Ivkovic, Aleksandra"]
[Black "Stanimirovic, Ivana"]
[Result "1/2-1/2"]
[WhiteElo "1693"]
[BlackElo "1517"]
[PlyCount "53"]
[EventDate "2013.04.30"]
[EventType "swiss"]
[EventRounds "9"]
[EventCountry "SRB"]
[SourceTitle "CBM 154 Extra"]
[Source "ChessBase"]
[SourceDate "2013.06.25"]
[SourceVersion "2"]
[SourceVersionDate "2013.06.25"]
[SourceQuality "1"]

1. e4 c6 2. d4 d5 3. Nc3 dxe4 4. Nxe4 Nd7 5. Nf3 Ngf6 6. Ng3 e6 7. Bd3 Be7 8. Be3 0-0 9. 0-0 b6 10. c3 Bb7 11. Qc2 h6 12. Rad1 Qc7 13. Qd2 Rfd8 14. Qc2 c5 15. dxc5 Bxc5 16. Nd4 Nd5 17. Nb5 Qc6 18. Bxc5 Nxc5 19. Nd4 Qc7 20. Be4 Kh8 21. Bxd5 Bxd5 22. c4 Bc6 23. Nxc6 Qxc6 24. b3 Kg8 25. Qe2 Qc7 26. f4 Rxd1 27. Qxd1 1/2-1/2

[Event "SRB-ch U14 Girls"]
[Site "Vrnjacka Banja"]
[Date "2013.05.04"]
[Round "6"]
[White "Ivkovic, Aleksandra"]
[Black "Injac, Teodora"]
[Result "1-0"]
[WhiteElo "1693"]
[BlackElo "1760"]
[PlyCount "53"]
[EventDate "2013.04.30"]
[EventType "swiss"]
[EventRounds "9"]
[EventCountry "SRB"]
[SourceTitle "CBM 154 Extra"]
[Source "ChessBase"]
[SourceDate "2013.06.25"]
[SourceVersion "2"]
[SourceVersionDate "2013.06.25"]
[SourceQuality "1"]

1. e4 g6 2. d4 Bg7 3. Nc3 c6 4. Nf3 d5 5. Be3 Nf6 6. Bd3 dxe4 7. Nxe4 Nbd7 8. Qd2 Nxe4 9. Bxe4 Nf6 10. Bd3 Bf5 11. Bxf5 gxf5 12. 0-0-0 Ne4 13. Qb4 Qb6 14. Qa3 f4 15. Bxf4 Nxf2 16. Rhe1 e6 17. Rd2 Ng4 18. Bg5 Bf6 19. Bxf6 Nxf6 20. Ne5 Rd8 21. Qf3 Rxd4 22. Qxf6 Rxd2 23. Qxh8+ Ke7 24. Kxd2 Qa5+ 25. c3 Qxa2 26. Qxh7 Qxb2+ 27. Qc2 1-0

[Event "EU-ch U12 Girls"]
[Site "Albena"]
[Date "2011.09.19"]
[Round "8"]
[White "Ivkovic, Aleksandra"]
[Black "Rogozenco, Teodora Nana"]
[Result "1/2-1/2"]
[WhiteElo "1683"]
[BlackElo "1527"]
[PlyCount "59"]
[EventDate "2011.09.11"]
[EventType "swiss"]
[EventRounds "9"]
[EventCountry "BUL"]
[SourceTitle "CBM 144 Extra"]
[Source "ChessBase"]
[SourceDate "2011.10.28"]
[SourceVersion "1"]
[SourceVersionDate "2011.10.28"]
[SourceQuality "1"]

1. e4 d5 2. exd5 Qxd5 3. Nc3 Qa5 4. d4 c6 5. Nf3 Nf6 6. Be2 Bf5 7. Bd2 e6 8. 0-0 Bb4 9. a3 Bxc3 10. Bxc3 Qc7 11. Ne5 Nbd7 12. Nxd7 Qxd7 13. Bd3 Bxd3 14. Qxd3 0-0-0 15. b4 h5 16. Rfb1 Nd5 17. Bd2 Ne7 18. Be3 Nf5 19. c3 e5 20. b5 cxb5 21. Rxb5 exd4 22. Qc4+ Kb8 23. Rab1 dxe3 24. Rxb7+ Qxb7 25. Rxb7+ Kxb7 26. fxe3 Nd6 27. Qd5+ Kb8 28. c4 Rhe8 29. c5 Ne4 30. Qb3+ 1/2-1/2

[Event "EU-ch U12 Girls"]
[Site "Albena"]
[Date "2011.09.18"]
[Round "7"]
[White "Mutlu, Beste"]
[Black "Ivkovic, Aleksandra"]
[Result "1-0"]
[WhiteElo "1519"]
[BlackElo "1683"]
[PlyCount "51"]
[EventDate "2011.09.11"]
[EventType "swiss"]
[EventRounds "9"]
[EventCountry "BUL"]
[SourceTitle "CBM 144 Extra"]
[Source "ChessBase"]
[SourceDate "2011.10.28"]
[SourceVersion "1"]
[SourceVersionDate "2011.10.28"]
[SourceQuality "1"]

1. e4 c5 2. Nf3 Nc6 3. Bb5 d6 4. d4 cxd4 5. Qxd4 Bd7 6. Bxc6 Bxc6 7. Nc3 Nf6 8. Bg5 e6 9. 0-0-0 Be7 10. Qd3 h6 11. Bxf6 Bxf6 12. Nd4 Be7 13. f4 a5 14. Ndb5 0-0 15. Nxd6 Qc7 16. e5 Rfd8 17. Rhg1 a4 18. a3 Rab8 19. g4 b5 20. g5 b4 21. gxh6 Bxd6 22. Rxg7+ Kf8 23. exd6 Qa7 24. Qh7 Rxd6 25. Qg8+ Ke7 26. Qxf7+ 1-0

[Event "EU-ch U12 Girls"]
[Site "Albena"]
[Date "2011.09.15"]
[Round "5"]
[White "Ivkovic, Aleksandra"]
[Black "Hojjatova, Aydan Hikmat Qizi"]
[Result "1/2-1/2"]
[WhiteElo "1683"]
[BlackElo "1913"]
[PlyCount "85"]
[EventDate "2011.09.11"]
[EventType "swiss"]
[EventRounds "9"]
[EventCountry "BUL"]
[SourceTitle "CBM 144 Extra"]
[Source "ChessBase"]
[SourceDate "2011.10.28"]
[SourceVersion "1"]
[SourceVersionDate "2011.10.28"]
[SourceQuality "1"]

1. e4 c5 2. Nf3 e6 3. d4 cxd4 4. Nxd4 a6 5. Nc3 Qc7 6. Bd3 Nf6 7. 0-0 d6 8. Bg5 Be7 9. Kh1 b5 10. a3 Nbd7 11. f4 Bb7 12. Qf3 h6 13. Bh4 0-0 14. Rae1 Rfe8 15. g4 Nxe4 16. Bxe4 Bxe4 17. Nxe4 Bxh4 18. Re2 d5 19. Qh3 Be7 20. Ng3 Bf6 21. c3 Qc4 22. Nf3 e5 23. g5 exf4 24. Rxe8+ Rxe8 25. Qxd7 Rd8 26. Qh3 hxg5 27. Nh5 Be7 28. Re1 Qc5 29. Qg2 g6 30. Nxg5 d4 31. Rg1 Bxg5 32. cxd4 Qd5 33. h4 Qxg2+ 34. Rxg2 Bxh4 35. Nxf4 Rxd4 36. Nxg6 fxg6 37. Rxg6+ Kf7 38. Rxa6 Rd1+ 39. Kg2 Rd2+ 40. Kh3 Bf6 41. b4 Ra2 42. Rb6 Rxa3+ 43. Kg4 1/2-1/2

[Event "EU-ch U12 Girls"]
[Site "Albena"]
[Date "2011.09.14"]
[Round "4"]
[White "Dakhundaridze, Nino"]
[Black "Ivkovic, Aleksandra"]
[Result "0-1"]
[WhiteElo "1564"]
[BlackElo "1683"]
[PlyCount "60"]
[EventDate "2011.09.11"]
[EventType "swiss"]
[EventRounds "9"]
[EventCountry "BUL"]
[SourceTitle "CBM 144 Extra"]
[Source "ChessBase"]
[SourceDate "2011.10.28"]
[SourceVersion "1"]
[SourceVersionDate "2011.10.28"]
[SourceQuality "1"]

1. e4 c5 2. Nf3 Nc6 3. d4 cxd4 4. Nxd4 Nf6 5. Nc3 e6 6. Nxc6 bxc6 7. e5 Nd5 8. Ne4 Qc7 9. f4 Qb6 10. Qf3 Nb4 11. Bd3 Ba6 12. Qe2 Bxd3 13. cxd3 Qd4 14. Nf2 Nd5 15. Qe4 Bb4+ 16. Ke2 Qc5 17. Qc4 Qb6 18. Rd1 0-0 19. d4 f6 20. Kf1 fxe5 21. fxe5 c5 22. a3 cxd4 23. axb4 Ne3+ 24. Bxe3 dxe3 25. Rd6 Rxf2+ 26. Kg1 Qb7 27. Qg4 Raf8 28. Rdd1 Rxb2 29. Rab1 e2 30. Rxb2 Qb6+ 0-1